Boundaries (Record no. 115187)

MARC details
000 -LEADER
fixed length control field 01988cad a2200325aa 4500
001 - CONTROL NUMBER
control field L158178
008 - FIXED-LENGTH DATA ELEMENTS--GENERAL INFORMATION
fixed length control field 090813s2014 xxk f 000 0 eng d
020 ## - INTERNATIONAL STANDARD BOOK NUMBER
International Standard Book Number 9781783210442
035 ## - SYSTEM CONTROL NUMBER
System control number (Sirsi) u158178
041 0# - LANGUAGE CODE
Language code of text/sound track or separate title eng
050 04 - LIBRARY OF CONGRESS CALL NUMBER
Classification number 346.410432 $2 18
110 2# - MAIN ENTRY--CORPORATE NAME
Corporate name or jurisdiction name as entry element Royal Institution of Chartered Surveyors
9 (RLIN) 4900
245 00 - TITLE STATEMENT
Title Boundaries
Remainder of title Procedures for boundary identification, demarcation and dispute resolution
Statement of responsibility, etc. [old edition]
250 ## - EDITION STATEMENT
Edition statement 3rd,
Remainder of edition statement replaced by 4th edition
260 ## - PUBLICATION, DISTRIBUTION, ETC.
Place of publication, distribution, etc. London
Name of publisher, distributor, etc. RICS
Date of publication, distribution, etc. 2014
350 ## - PRICE (NR) (BK AM CF MU VM SE) [OBSOLETE]
Price 20
490 #0 - SERIES STATEMENT
Series statement RICS Guidance Note
505 2# - FORMATTED CONTENTS NOTE
Formatted contents note RICS guidance notes -- Introduction -- Stage 1, setting up the project -- Stage 2, research -- Stage 3, the site visit, measured survey and digital photography -- Stage 4, the report -- Stage 5, alternative dispute resolution -- Stage 6, litigation -- Stage 7, recording the outcome in the Land Registry -- Appendices
520 ## - SUMMARY, ETC.
Summary, etc. The physical extent of property ownership and rights of use are basic attributes of land and buildings and are capable of being evaluated by property professionals. Uncertainty of the extent of ownership and its associated rights affects the physical use and rights to repair, maintain, gain access to and obtain value of the land. Not surprisingly, uncertainty in the limits of ownership and rights of occupation has led to a steady increase in disputed boundaries.
520 ## - SUMMARY, ETC.
Summary, etc. Supersedes second edition (ISBN 9781842194959).
520 ## - SUMMARY, ETC.
Summary, etc. Superseded by fourth edition (ISBN 9781783214082) effective from 1st May 2021
521 ## - TARGET AUDIENCE NOTE
Target audience note Advanced
590 ## - LOCAL NOTE (RLIN)
Local note KA
650 24 - SUBJECT ADDED ENTRY--TOPICAL TERM
Topical term or geographic name entry element BOUNDARY DETERMINATION
650 24 - SUBJECT ADDED ENTRY--TOPICAL TERM
Topical term or geographic name entry element BOUNDARIES
651 #4 - SUBJECT ADDED ENTRY--GEOGRAPHIC NAME
Geographic name England and Wales
Chronological subdivision 1543-
690 ## - LOCAL SUBJECT ADDED ENTRY--TOPICAL TERM (OCLC, RLIN)
Topical term or geographic name as entry element PROPERTY MANAGEMENT
9 (RLIN) 6262
856 ## - ELECTRONIC LOCATION AND ACCESS
Uniform Resource Identifier <a href="https://www.isurv.com/downloads/file/6115/archive_boundaries_procedures_for_boundary_identification_demarcation_and_dispute_resolution_3rd_edition_april_2014%E2%80%93april_2021">https://www.isurv.com/downloads/file/6115/archive_boundaries_procedures_for_boundary_identification_demarcation_and_dispute_resolution_3rd_edition_april_2014%E2%80%93april_2021</a>
Public note Archived on isurv (subscription required)
942 ## - ADDED ENTRY ELEMENTS (KOHA)
Suppress in OPAC 0
Source of classification or shelving scheme Dewey Decimal Classification
Holdings
Withdrawn status Lost status Damaged status Not for loan Home library Current library Shelving location Date acquired Total Checkouts Full call number Barcode Date last seen Copy number Price effective from Koha item type Source of classification or shelving scheme
        Archives Archives RICS Boxes 04/03/2015   RICS 2014/11 30078787 06/08/2019 1 06/08/2019 Archive Dewey Decimal Classification
        London London RICS Boxes 04/03/2015   RICS 2014/11 30078786 06/08/2019 2 06/08/2019 Book Dewey Decimal Classification
        London London RICS Boxes 04/03/2015   RICS 2014/11 30078788 06/08/2019 3 06/08/2019 Reference material Dewey Decimal Classification
        Virtual Virtual Online 03/10/2014   isurv 158178-2014 12/05/2023 4 06/08/2019 Online material